01479nam a2200313 a 4500001001200000003000800012006001900020007001500039008004100054020001800095020002700113040002100140035002100161050003000182082001400212100002200226245023300248260005000481300006600531490003700597500002000634533015200654588009500806650006800901650002400969655002900993710001701022856012601039ebr10695805CaPaEBRm o u cr cn|||||||||150303s2013 enka s 001 0 eng d z9781849688024 z9781849688031 (e-book) aCaPaEBRcCaPaEBR a(OCoLC)84993417614aQA76.76.D47b.V573 2013eb04a005.12231 aViscardi, Stacia.14aThe professional ScrumMaster's handbookh[electronic resource] :ba collection of tips, tricks, and war stories to help the professional ScrumMaster break the chains of traditional organization and management /cStacia Viscardi. aBirmingham, U.K. :bPackt Publishing,cc2013. a1 online resource (viii, 314 p.) :bill. (some col.), graphs.0 aProfessional Expertise Distilled aIncludes index. aElectronic reproduction.bPalo Alto, Calif. :cebrary,d2015.nAvailable via World Wide Web.nAccess may be limited to ebrary affiliated libraries. aDescription based on online resource; title from title page (ebrary, viewed May 22, 2013). 0aScrum (Computer software development)vHandbooks, manuals, etc. 0aProject management. 7aElectronic books.2local2 aebrary, Inc.40uhttp://site.ebrary.com/lib/rucke/Doc?id=10695805zAn electronic book accessible through the World Wide Web; click to view